| 000 | 02517nam a22001817a 4500 | ||
|---|---|---|---|
| 003 | IT-RoPau | ||
| 005 | 20220918175937.0 | ||
| 008 | 130107b xxu||||| |||| 00| 0 eng d | ||
| 040 | _cIT-RoPau | ||
| 100 |
_aAlberione Giacomo _qFondatore Famiglia Paolina _9111 |
||
| 245 |
_aAppunti di teologia pastorale. _bPratica del ministero sacerdotale per il giovane clero |
||
| 250 | _aI | ||
| 260 |
_aCinisello Balsamo _bSocietà San Paolo - Casa Generalizia _c2002 |
||
| 300 |
_a431 p _c21 cm |
||
| 490 |
_aOpera Omnia _vI |
||
| 520 | _a SOMMARIO Sigle e abbreviazioni Presentazione Avvertenze APPUNTI DI TEOLOGIA PASTORALE Frontespizio Dedica [Presentazione] (Card. Richelmy) Prefazione alla I Edizione Prefazione alla II Edizione PUNTO DI PARTENZA Capo Unico Il sacerdote PRIMA PARTE DEI FONDAMENTI DELLO ZELO Introduzione Capo I Della pietà in generale Capo II Le Pratiche di pietà Capo III I frutti della pietà - Virtù sacerdotali Capo IV Lo studio Capo V L' amministrazione dei beni materiali PARTE SECONDA DELLA CURA PASTORALE E DEI SUOI MEZZI GENERALI Preambolo Avvertenza Capo I Dell' azione pastorale in genere Capo II Norme del clero in generale per riguardo alla cura d'anime Capo III Relazioni del sacerdote Capo IV Dell' azione pastorale di alcuni sacerdoti PARTE TERZA DI ALCUNE OPERE PARTICOLARI PROPRIE DELLO ZELO SACERDOTALE Capo I Confessione Capo II Della S. Comunione Capo III Funzioni Capo IV Predicazione Capo V Catechismo Capo VI Principali divozioni e compagnie da dif- fondersi dal Sacerdotale Capo VII Azione cattolica Capo VIII Opere particolari d' azione cattolica Capo IX Le vocazioni Capo X Organizzare feste Capo XI Costruzioni di chiese INDICI INDICE DELLE CITAZIONI BIBLICHE INDICE DEI DOCUMENTI DELLA CHIESA INDICE DEI PERIODICI E DELLE RIVISTE INDICE DELLA BIBLIOGRAFIA CITATA INDICE DEGLI AUTORI INDICE DELLE ASSOCIAZIONI INDICE DEI LUOGHI INDICE DEI NOMI DI PERSONA INDICE ANALITICO INDICE GENERALE | ||
| 942 |
_2ddc _cBK |
||
| 999 |
_c37713 _d37713 |
||